Seoul Metropolitan Subway LRT Ui-Sinseol Line Stations - Statistics

General Stats
  • This quiz has been taken 10 times
  • The average score is 9 of 13
Answer Stats
Station
Number
Station Name Transfer % Correct
S121 Bomun Line 6
100%
S110 Bukhansan Ui(Doseonsa)
100%
S120 Sungshin Women's Univ.(Donam) Line 4
100%
S118 Bukhansan Bogungmun(Seokyeong Univ.)
88%
S122 Sinseol-dong Line 1Line 2
88%
S119 Jeongneung(Kookmin Univ.)
63%
S115 Samyang
63%
S116 Samyangsageori
63%
S117 Solsaem
63%
S112 April 19th National Cemetry(Duksung Women's Univ.)
50%
S113 Gaori
50%
S114 Hwagye
50%
S111 Solbat Park
50%
No matching quizzes found
Score Distribution
Percent of People with Each Score
Percentile by Number Answered
Your Score History
You have not taken this quiz